Socio Cultural Change Since 1950 (Record no. 1451598)

MARC details
000 -LEADER
fixed length control field 00600nam a2200205Ia 4500
005 - DATE AND TIME OF LATEST TRANSACTION
control field 20250923145446.0
008 - FIXED-LENGTH DATA ELEMENTS--GENERAL INFORMATION
fixed length control field 008 250917s9999 xx 000 0 eng d
037 ## - SOURCE OF ACQUISITION
Stock number Textual
040 ## - CATALOGING SOURCE
Original cataloging agency DSWL
Language of cataloging eng
Transcribing agency DSWL
041 ## - LANGUAGE CODE
Language code of text/sound track or separate title eng
Source of code eng
084 ## - COLON CLASSIFICATION NUMBER
Classification number Y:1:7x1, N7<--N50, N78
Assigning agency DSWL
245 #0 - TITLE STATEMENT
Title Socio Cultural Change Since 1950
Statement of responsibility, etc. Ed. by T.L.Smith
260 ## - PUBLICATION, DISTRIBUTION, ETC.
Place of publication, distribution, etc. New Delhi
Name of publisher, distributor, etc. Delhi Vikas Pub. House
Date of publication, distribution, etc. 1978
300 ## - PHYSICAL DESCRIPTION
Extent xii,379 p.
365 ## - TRADE PRICE
Price type code INR
Price amount 125
700 ## - ADDED ENTRY--PERSONAL NAME
Personal name M.S. Das
9 (RLIN) 835541
925 ## -
-- 125
942 ## - ADDED ENTRY ELEMENTS (KOHA)
Koha item type Textual
Classification part Y:1:7x1, N7<--N50, N78
Holdings
Withdrawn status Lost status Damaged status Not for loan Home library Current library Date acquired Source of acquisition Total Checkouts Full call number Barcode Date last seen Price effective from Koha item type
        Department of Social Work Library Department of Social Work Library 2025-09-23 Through : Mr. B.S. Kumidan Editor Development & Welfare   Y:1:7x1, N7<--N50, N78 SW0018999 2025-09-23 2025-09-23 Textual
Copyright @ Delhi University Library System